Das Davidquiz - Statistiken

Allgemein
  • Dieses Quiz wurde 8 mal gespielt
  • Das Durchschnittsergebnis liegt bei 8 aus 14
Antwortstatistiken
Hint Antwort % Korrekt
Welche Halbzeit mag David beim Fußball am liebsten? 3.
86%
Welche Art von Fleisch isst David nicht? Schwein
86%
Welche Marke trägt David am meisten? Carhartt
57%
Welchen Energy trinkt er am liebsten? Doktor
57%
Was ist sein Spitzname? Fighter
57%
Was ist in Davids WG die Abendroutine? Lagerfeuer
57%
Wie heißen Davids Mitbewohner? Lukas & Kevin
57%
Wer ist David Lieblingskellnerin? Momo
57%
Welche Sportart findet er interessant? Rennrad
57%
Wo arbeitet David? Servicebüro
57%
Was ist sein Lieblingscomputerspiel? TFT
57%
Auf welcher Schule war David in der Grundschule? Waldorfschule
57%
Welchen Alkohol mag David am liebsten? Weißwein
57%
Was ist die größte Schwäche von David? die Augen
43%
Keine übereinstimmenden Quizze gefunden
Verteilung der Resultate
Anzahl Personen mit jedem Resultat
Perzentil nach korrekt beantworteten Fragen
Ihre Resultats-Entwicklung
Sie haben dieses Quiz noch nicht gespielt